00448 2200169 4500001002100000005001700021008004100038035002400079082000800103090001400111100002300125245004900148260002400197300002100221650002400242990001200266YOGYA-0512000000020220120503183823.0 ind  0010-051200000000202 a880 a880 Gef G aGEFFCEKN, Johannes aDie griechifche tragodiecJohannes Geffcken. aBerlinb[s.n]c1911 a163 hlm.c21 cm. aKesusastraan Yunani a48498-a